000 01015nam a2200265Ia 4500
003 OSt
005 20221005105650.0
006 a|||||r|||| 00| 0
007 ta
008 221004b |||||||| |||| 00| 0 hin d
020 _a9788181436733 (hbk)
_c250
024 _a7175
037 _b95, 05/09/2013, Vani Prakashan
_cTextual
040 _aCRL
_cCRL
_bhin
041 _2hin
_ahin
082 _aP, 152Q1
100 _aदिलीप सिंह
245 0 _aभाड्ढा का संसार
_b आधुनिक भाषाविज्ञान की सुगम भूमिका
246 _aBhāḍḍhā kā sansāra: ādhunik bhāṣhāvijnyān kī sugam bhūmikā
260 _aनई दिल्ली
_bवाणी प्रकाशन भारत
_c2011
300 _a179पृ0
_ccm.
650 _aभाषाशास्त्र
942 _hP, 152Q1
_cTEXL
_2cc
999 _c1016511
_d1016511